[Event "Hong Kong Blitz op"]
[Site "Hong Kong"]
[Date "2024.12.29"]
[Round "5"]
[White "Escobar Medina, Andres F"]
[Black "Mahajan, Ritesh"]
[Result "1-0"]
[WhiteElo "2231"]
[BlackElo "1722"]
[PlyCount "43"]
[EventDate "2024.12.29"]
[EventType "swiss (blitz)"]
[EventRounds "9"]
[EventCountry "HKG"]
[SourceTitle "CB01_2025"]
[SourceDate "2025.01.01"]
[SourceVersion "1"]
[SourceVersionDate "2025.01.01"]
[SourceQuality "1"]

1. e4 d6 2. d4 Nf6 3. Nc3 Nbd7 4. f4 e5 5. Nf3 exd4 6. Qxd4 c6 7. Bc4 d5 8. exd5 Bc5 9. Qd3 0-0 10. dxc6 bxc6 11. Bd2 Qe7+ 12. Qe2 Re8 13. 0-0-0 Qd8 14. Qd3 Qc7 15. Rhe1 Bb7 16. g3 h6 17. Nh4 Ng4 18. Bxf7+ Kxf7 19. Qc4+ Kf6 20. Ne4+ Rxe4 21. Qxe4 g5 22. Qg6# 1-0

[Event "Hong Kong Blitz op"]
[Site "Hong Kong"]
[Date "2024.12.29"]
[Round "3"]
[White "Escobar Medina, Andres F"]
[Black "Tsang, Lok Ching"]
[Result "1-0"]
[WhiteElo "2231"]
[BlackElo "1735"]
[PlyCount "39"]
[EventDate "2024.12.29"]
[EventType "swiss (blitz)"]
[EventRounds "9"]
[EventCountry "HKG"]
[SourceTitle "CB01_2025"]
[SourceDate "2025.01.01"]
[SourceVersion "1"]
[SourceVersionDate "2025.01.01"]
[SourceQuality "1"]

1. e4 e5 2. Nf3 Nf6 3. Nxe5 d6 4. Nf3 Nxe4 5. d3 Nf6 6. d4 d5 7. c4 dxc4 8. Bxc4 Bb4+ 9. Nc3 0-0 10. 0-0 Bxc3 11. bxc3 b6 12. Bg5 Qd6 13. Ne5 Nbd7 14. Qf3 Nxe5 15. dxe5 Qxe5 16. Bxf6 Qxf6 17. Qxa8 Ba6 18. Qd5 Bc8 19. Rfe1 c6 20. Qf3 1-0

[Event "Hong Kong op"]
[Site "Hong Kong"]
[Date "2023.12.28"]
[Round "8"]
[White "Lopez de Anda, Edgar"]
[Black "Escobar Medina, Andres F"]
[Result "0-1"]
[WhiteElo "1603"]
[BlackElo "2293"]
[PlyCount "102"]
[EventDate "2023.12.24"]
[EventType "swiss"]
[EventRounds "9"]
[EventCountry "HKG"]
[SourceTitle "CBM 217 Extra"]
[Source "ChessBase"]
[SourceDate "2024.01.31"]
[SourceVersion "1"]
[SourceVersionDate "2024.01.31"]
[SourceQuality "1"]

1. e4 g6 2. d4 Bg7 3. Nf3 d6 4. Be3 c5 5. Nc3 cxd4 6. Bxd4 Nf6 7. Bb5+ Nc6 8. e5 dxe5 9. Bxe5 0-0 10. Bxc6 bxc6 11. 0-0 Qb6 12. Na4 Qa5 13. b3 Bg4 14. Qe1 Qxe1 15. Rfxe1 Bxf3 16. gxf3 Rfd8 17. Rad1 Nd5 18. Bxg7 Kxg7 19. Kg2 e5 20. Nc5 h5 21. h4 Kf6 22. Nb7 Nf4+ 23. Kg3 Rxd1 24. Rxd1 Ke7 25. Na5 Rc8 26. Rd2 f6 27. a4 Ne6 28. Kg2 c5 29. c3 Ng7 30. b4 cxb4 31. cxb4 Nf5 32. b5 Nxh4+ 33. Kg3 Nf5+ 34. Kg2 Nd4 35. Rb2 Rc3 36. Rb4 Ke6 37. Nb7 Nxf3 38. a5 Ne1+ 39. Kg1 Rc1 40. Ra4 Nd3+ 41. Kh2 Nc5 42. Nxc5+ Rxc5 43. b6 axb6 44. axb6 Rb5 45. Ra6 Kf5 46. Kg2 g5 47. Kf3 h4 48. Kg2 g4 49. Kh2 Rb2 50. Kg2 g3 51. b7 Rxf2+ 0-1

[Event "COL-chT Blitz"]
[Site "Santa Marta"]
[Date "2022.11.07"]
[Round "7.4"]
[White "Cano Alcaraz, Juan Jose"]
[Black "Escobar Medina, Andres F"]
[Result "0-1"]
[WhiteElo "1418"]
[BlackElo "2299"]
[PlyCount "40"]
[EventDate "2022.11.07"]
[EventType "team-swiss"]
[EventRounds "9"]
[EventCountry "COL"]
[SourceTitle "CBM 211 Extra"]
[Source "ChessBase"]
[SourceDate "2023.01.31"]
[SourceVersion "1"]
[SourceVersionDate "2023.01.31"]
[SourceQuality "1"]
[WhiteTeam "Risaralda"]
[BlackTeam "Antioquia"]
[WhiteTeamCountry "COL"]
[BlackTeamCountry "COL"]

1. e4 g6 2. d4 Bg7 3. Nf3 d6 4. c3 Nf6 5. Bd3 0-0 6. Nbd2 Nc6 7. 0-0 e5 8. h3 Re8 9. Re1 Nd7 10. Nb3 h6 11. a4 Kh7 12. a5 a6 13. Bd2 Nf6 14. Qc2 Bd7 15. Rad1 Nh5 16. Bc1 Qe7 17. Nbd2 Rad8 18. d5 Nxa5 19. b4 b5 20. Nf1 Nb7 0-1

[Event "COL-chT"]
[Site "Santa Marta"]
[Date "2022.11.05"]
[Round "6.4"]
[White "Escobar Medina, Andres F"]
[Black "Prasca Sosa, Rafael Felipe"]
[Result "1-0"]
[WhiteElo "2325"]
[BlackElo "2333"]
[PlyCount "71"]
[EventDate "2022.11.02"]
[EventType "team-swiss"]
[EventRounds "7"]
[EventCountry "COL"]
[SourceTitle "CBM 211 Extra"]
[Source "ChessBase"]
[SourceDate "2023.01.31"]
[SourceVersion "1"]
[SourceVersionDate "2023.01.31"]
[SourceQuality "1"]
[WhiteTeam "Antioquia"]
[BlackTeam "Risaralda"]
[WhiteTeamCountry "COL"]
[BlackTeamCountry "COL"]

1. e4 e6 2. d4 d5 3. Nc3 Bb4 4. e5 c5 5. a3 Bxc3+ 6. bxc3 Ne7 7. Qg4 0-0 8. Bd3 f5 9. exf6 Rxf6 10. Bg5 Rf7 11. Nf3 e5 12. Bxh7+ Kxh7 13. Qh4+ Kg8 14. Nxe5 Qe8 15. 0-0 Nf5 16. Qh5 Re7 17. Qf3 Rxe5 18. dxe5 Be6 19. Rad1 Nc6 20. Rxd5 Qg6 21. h4 Rf8 22. Qd1 Ng3 23. Re1 Ne4 24. Qd3 Qf7 25. Rxe4 Bxd5 26. Rf4 Qe6 27. c4 Rxf4 28. cxd5 Nxe5 29. Qe3 Nf3+ 30. gxf3 Qxe3 31. fxe3 Rf5 32. d6 Rf7 33. Be7 Rxe7 34. dxe7 Kf7 35. Kf1 Kxe7 36. c4 1-0

[Event "COL-ch"]
[Site "Boyaca"]
[Date "2022.08.21"]
[Round "9"]
[White "Escobar Medina, Andres F"]
[Black "Munoz Galvez, Jhon Edison"]
[Result "1/2-1/2"]
[WhiteElo "2295"]
[BlackElo "2287"]
[PlyCount "72"]
[EventDate "2022.08.17"]
[EventType "swiss"]
[EventRounds "9"]
[EventCountry "COL"]
[SourceTitle "CBM 210 Extra"]
[Source "ChessBase"]
[SourceDate "2022.11.30"]
[SourceVersion "1"]
[SourceVersionDate "2022.11.30"]
[SourceQuality "1"]

1. e4 c5 2. Nf3 d6 3. Bb5+ Nd7 4. d4 cxd4 5. Qxd4 a6 6. Be2 Ngf6 7. 0-0 Qc7 8. c4 e6 9. Nc3 b6 10. Bg5 Bb7 11. Rfd1 Be7 12. Rac1 0-0 13. Bh4 Rac8 14. Bg3 e5 15. Qe3 Nc5 16. Nd5 Nxd5 17. cxd5 Qd8 18. b4 Nd7 19. Rxc8 Qxc8 20. Bh4 Qd8 21. Bxe7 Qxe7 22. Rc1 Rc8 23. Rxc8+ Bxc8 24. Qc1 Qd8 25. Nd2 Bb7 26. Nc4 Qc7 27. Qd2 b5 28. Ne3 Nf6 29. f3 h6 30. g3 Kf8 31. Bf1 Bc8 32. Qc2 Qb7 33. Qc3 Ne8 34. Kf2 Bd7 35. Bd3 Nc7 36. f4 Ne8 1/2-1/2

[Event "COL-ch"]
[Site "Boyaca"]
[Date "2022.08.19"]
[Round "5"]
[White "Escobar Medina, Andres F"]
[Black "Ruiz Aguilar, Pablo Alexander"]
[Result "1-0"]
[WhiteElo "2295"]
[BlackElo "2171"]
[PlyCount "115"]
[EventDate "2022.08.17"]
[EventType "swiss"]
[EventRounds "9"]
[EventCountry "COL"]
[SourceTitle "CBM 210 Extra"]
[Source "ChessBase"]
[SourceDate "2022.11.30"]
[SourceVersion "1"]
[SourceVersionDate "2022.11.30"]
[SourceQuality "1"]

1. Nf3 d5 2. g3 Nf6 3. Bg2 Bf5 4. c4 c6 5. b3 e6 6. 0-0 Nbd7 7. Bb2 a5 8. d3 a4 9. cxd5 cxd5 10. bxa4 Qa5 11. Nd4 Bg4 12. Nc3 Bb4 13. Nb3 Qb6 14. a3 Be7 15. a5 Qa6 16. a4 0-0 17. Nb5 Rac8 18. Qd2 Bh5 19. Rfc1 Rc6 20. N3d4 Rc5 21. Rxc5 Nxc5 22. Ba3 Rc8 23. Rc1 Qa8 24. Bxc5 Rxc5 25. Rxc5 Bxc5 26. Nb3 Be7 27. Qc2 Qd8 28. e3 Bg6 29. Bf1 Nd7 30. Qc3 Bf6 31. d4 Be7 32. Na7 Nb8 33. Bb5 h5 34. Qc8 Qxc8 35. Nxc8 Bb4 36. Nc5 Bxa5 37. Nxb7 Bc7 38. a5 Bc2 39. a6 Nxa6 40. Bxa6 g5 41. Nc5 Kg7 42. Be2 g4 43. Na7 Ba5 44. Nc6 Bd2 45. Ne5 Kf6 46. Ned3 Kg5 47. Nf4 h4 48. Nd7 hxg3 49. hxg3 Bf5 50. Bd3 Bxd3 51. Nxd3 Kf5 52. Kf1 Ba5 53. N7e5 f6 54. Nd7 Bc7 55. Nf4 Bd6 56. Nc5 e5 57. Nxd5 exd4 58. exd4 1-0

[Event "COL-ch"]
[Site "Boyaca"]
[Date "2022.08.18"]
[Round "3"]
[White "Escobar Medina, Andres F"]
[Black "Torres, Jorge Emilio"]
[Result "1-0"]
[WhiteElo "2295"]
[BlackElo "2005"]
[PlyCount "45"]
[EventDate "2022.08.17"]
[EventType "swiss"]
[EventRounds "9"]
[EventCountry "COL"]
[SourceTitle "CBM 210 Extra"]
[Source "ChessBase"]
[SourceDate "2022.11.30"]
[SourceVersion "1"]
[SourceVersionDate "2022.11.30"]
[SourceQuality "1"]

1. Nf3 d6 2. c4 e5 3. Nc3 c6 4. d4 Qc7 5. Qc2 Be7 6. h3 Nf6 7. Bg5 Nbd7 8. e3 a6 9. Bd3 h6 10. Bh4 c5 11. 0-0 g5 12. Bg3 Rg8 13. Bf5 cxd4 14. exd4 exd4 15. Nxd4 Ne5 16. Rfe1 Qxc4 17. Rad1 Qc5 18. Bxc8 Rxc8 19. Qf5 Nfd7 20. Ne4 Qc7 21. Qh7 Rg6 22. Nf5 Bf8 23. Qh8 1-0

[Event "COL-ch"]
[Site "Boyaca"]
[Date "2022.08.17"]
[Round "1"]
[White "Escobar Medina, Andres F"]
[Black "Borre Meza, Orlando David"]
[Result "1-0"]
[WhiteElo "2295"]
[BlackElo "1609"]
[PlyCount "109"]
[EventDate "2022.08.17"]
[EventType "swiss"]
[EventRounds "9"]
[EventCountry "COL"]
[SourceTitle "CBM 210 Extra"]
[Source "ChessBase"]
[SourceDate "2022.11.30"]
[SourceVersion "1"]
[SourceVersionDate "2022.11.30"]
[SourceQuality "1"]

1. e4 e5 2. Nf3 Nc6 3. d4 exd4 4. Bc4 Nf6 5. e5 d5 6. Bb5 Ne4 7. Nxd4 Bd7 8. Bxc6 bxc6 9. Nb3 Nc5 10. Be3 Nxb3 11. axb3 g6 12. 0-0 Bg7 13. Bc5 Be6 14. f4 Bf8 15. Bxf8 Kxf8 16. Qd4 Kg7 17. Nc3 Qe7 18. Ra5 Rhb8 19. Rc5 Qe8 20. Ra1 Rb7 21. Ne2 Rab8 22. Qc3 Rb4 23. Nd4 R8b7 24. Qe3 Bd7 25. c3 R4b6 26. b4 Qe7 27. Rca5 a6 28. Nb3 Bc8 29. Qd4 Kg8 30. Nc5 Rb8 31. Qf2 Rb5 32. R5a2 h5 33. Re1 Ra8 34. Ra5 Rxa5 35. bxa5 Bf5 36. b4 h4 37. h3 g5 38. fxg5 Qxg5 39. Rf1 Bg6 40. Qf4 Qe7 41. Re1 Kg7 42. e6 Re8 43. Nxa6 fxe6 44. Nxc7 Rc8 45. Qe5+ Kg8 46. Qxe6+ Qxe6 47. Rxe6 Rxc7 48. Rxg6+ Kf7 49. Rh6 Kg7 50. Rxh4 c5 51. b5 d4 52. cxd4 c4 53. b6 Rd7 54. d5 Rxd5 55. b7 1-0

[Event "Medellin Feria de las Flores op"]
[Site "Medellin"]
[Date "2022.08.04"]
[Round "2"]
[White "Zapata Cuartas, Juan Carlos"]
[Black "Escobar Medina, Andres F"]
[Result "0-1"]
[WhiteElo "1967"]
[BlackElo "2295"]
[PlyCount "192"]
[EventDate "2022.08.03"]
[EventType "swiss"]
[EventRounds "9"]
[EventCountry "COL"]
[SourceTitle "CBM 209 Extra"]
[Source "ChessBase"]
[SourceDate "2022.09.30"]
[SourceVersion "1"]
[SourceVersionDate "2022.09.30"]
[SourceQuality "1"]

1. d4 Nf6 2. c4 c5 3. d5 b5 4. cxb5 a6 5. bxa6 g6 6. Nc3 Bg7 7. e4 0-0 8. Nf3 Qa5 9. Nd2 Bxa6 10. Bxa6 Qxa6 11. Qe2 d6 12. f4 Nfd7 13. Nf3 Qxe2+ 14. Kxe2 Na6 15. Bd2 Rfb8 16. Rab1 Nc7 17. Rhd1 Nb5 18. Kd3 Bxc3 19. bxc3 Rxa2 20. c4 Ra3+ 21. Ke2 Nd4+ 22. Nxd4 cxd4 23. Rxb8+ Nxb8 24. Bc1 Rc3 25. Bb2 Re3+ 26. Kf2 Rxe4 27. Rxd4 Rxd4 28. Bxd4 Nd7 29. Ke3 Kf8 30. Kd3 Ke8 31. Kc3 Kd8 32. Kb4 Kc7 33. Kb5 e6 34. dxe6 fxe6 35. h3 Nb8 36. g4 h5 37. Bb6+ Kb7 38. Bd4 Nc6 39. Bf6 Na7+ 40. Kb4 Kc6 41. Kc3 Nc8 42. Kd4 Nb6 43. Bd8 Nd7 44. Ba5 hxg4 45. hxg4 Nf6 46. g5 Nh5 47. Bd2 Ng3 48. Bb4 Nf5+ 49. Ke4 Ne7 50. Kd4 Kd7 51. Ba3 Kc7 52. Ke4 Nc6 53. Kd3 Kd7 54. Ke4 Na5 55. Kd3 Kc7 56. Kd4 Nc6+ 57. Ke4 Kd7 58. Kd3 d5 59. cxd5 exd5 60. Bc1 Ke6 61. Bd2 Kf5 62. Bc1 Na5 63. Be3 Nb3 64. Bg1 Kxf4 65. Kc3 Nc1 66. Kd2 Na2 67. Kd3 Ke5 68. Bh2+ Ke6 69. Bf4 Nb4+ 70. Kd4 Nc6+ 71. Kc5 Ne5 72. Kd4 Nf3+ 73. Ke3 Ng1 74. Bc7 Nh3 75. Bd8 Kf5 76. Kd4 Nf4 77. Be7 Ke6 78. Bf6 Ne2+ 79. Kd3 Ng3 80. Kd4 Ne4 81. Bd8 Kd6 82. Ke3 Kd7 83. Bb6 Nxg5 84. Kf4 Nf7 85. Ba5 Ke6 86. Bc3 Nd6 87. Bd4 Ne4 88. Bb2 g5+ 89. Kg4 Kd6 90. Bd4 Kc6 91. Kf5 Kb5 92. Ke5 Kc4 93. Be3 g4 94. Ba7 g3 95. Kf4 Kc3 96. Bg1 d4 0-1

[Event "Medellin Aristizabal Cup"]
[Site "Medellin"]
[Date "2022.07.11"]
[Round "7"]
[White "Castrillon Gomez, Melissa"]
[Black "Escobar Medina, Andres F"]
[Result "0-1"]
[WhiteElo "2230"]
[BlackElo "2291"]
[PlyCount "84"]
[EventDate "2022.07.08"]
[EventType "swiss"]
[EventRounds "7"]
[EventCountry "COL"]
[SourceTitle "CBM 209 Extra"]
[Source "ChessBase"]
[SourceDate "2022.09.30"]
[SourceVersion "1"]
[SourceVersionDate "2022.09.30"]
[SourceQuality "1"]

1. d4 d5 2. c4 Nc6 3. Nf3 Bg4 4. cxd5 Bxf3 5. gxf3 Qxd5 6. e3 e5 7. Nc3 Bb4 8. Bd2 Bxc3 9. bxc3 Qd6 10. Qb3 0-0-0 11. Be2 Nf6 12. 0-0-0 Rhe8 13. Bd3 Kb8 14. Rhe1 exd4 15. cxd4 Nd5 16. Be4 Nf6 17. Bd3 Ka8 18. Kb1 Qxh2 19. Qxf7 Re7 20. Qc4 Qxf2 21. Rf1 Qg3 22. Ka1 Qd6 23. Rb1 Qd5 24. Qxd5 Rxd5 25. Bc4 Rd8 26. Bb5 Re6 27. Rfc1 a6 28. Bxc6 Rxc6 29. Rxc6 bxc6 30. Rc1 Kb7 31. Kb2 Rf8 32. e4 Nh5 33. Rc3 Nf4 34. Kc2 Ne6 35. Rb3+ Kc8 36. Bc3 Rxf3 37. Bb2 Rxb3 38. axb3 g5 39. Kd3 h5 40. Ke3 Kd7 41. Ba3 a5 42. Bb2 c5 0-1

[Event "Medellin Aristizabal Cup"]
[Site "Medellin"]
[Date "2022.07.09"]
[Round "3"]
[White "Martinez, Mauricio"]
[Black "Escobar Medina, Andres F"]
[Result "0-1"]
[WhiteElo "1898"]
[BlackElo "2291"]
[PlyCount "108"]
[EventDate "2022.07.08"]
[EventType "swiss"]
[EventRounds "7"]
[EventCountry "COL"]
[SourceTitle "CBM 209 Extra"]
[Source "ChessBase"]
[SourceDate "2022.09.30"]
[SourceVersion "1"]
[SourceVersionDate "2022.09.30"]
[SourceQuality "1"]

1. d4 Nf6 2. g3 c5 3. c3 e6 4. Nf3 b6 5. Bg2 Bb7 6. 0-0 Be7 7. Nbd2 0-0 8. Re1 d5 9. Ne5 Nc6 10. Nxc6 Bxc6 11. e4 cxd4 12. cxd4 dxe4 13. Nxe4 Rc8 14. Nxf6+ Bxf6 15. Bxc6 Rxc6 16. Be3 Rd6 17. Qa4 Qa8 18. Rac1 Qb7 19. Rc2 Rfd8 20. Rec1 R6d7 21. Rc6 h6 22. Qc2 Bxd4 23. Bxd4 Rxd4 24. Rc8 g6 25. Rxd8+ Rxd8 26. Rd1 Rxd1+ 27. Qxd1 Qd5 28. Qa4 a5 29. Qf4 Kg7 30. b3 e5 31. Qa4 e4 32. Qe8 Kh7 33. Qe7 Qe6 34. Qb7 e3 35. fxe3 Qxe3+ 36. Kg2 Qe2+ 37. Kg1 Qe6 38. Qc7 Qe1+ 39. Kg2 Qe4+ 40. Kf2 Qd4+ 41. Kg2 Qd5+ 42. Kf2 Qd4+ 43. Kg2 Kg7 44. Qc1 Qd5+ 45. Kh3 Qf3 46. Qc4 Kh7 47. Qa6 g5 48. Qc4 h5 49. Qb5 f6 50. Qc4 Kh6 51. Qc1 Qf2 52. a4 Qe2 53. Qg1 g4+ 54. Kh4 Qe5 0-1

[Event "COL-chT"]
[Site "Medellin"]
[Date "2021.12.11"]
[Round "5.4"]
[White "Suarez Granados, Yarib"]
[Black "Escobar Medina, Andres F"]
[Result "0-1"]
[WhiteElo "1600"]
[BlackElo "2329"]
[PlyCount "72"]
[EventDate "2021.12.09"]
[EventType "team-swiss"]
[EventRounds "6"]
[EventCountry "COL"]
[SourceTitle "CBM 205 Extra"]
[Source "ChessBase"]
[SourceDate "2022.01.31"]
[SourceVersion "1"]
[SourceVersionDate "2022.01.31"]
[SourceQuality "1"]
[WhiteTeam "Liga Atlantico Abs"]
[BlackTeam "Liga de Antioquia"]
[WhiteTeamCountry "COL"]
[BlackTeamCountry "COL"]

1. e4 g6 2. Nf3 Bg7 3. g3 c5 4. d3 Nf6 5. Bg2 d5 6. Nbd2 0-0 7. 0-0 Nc6 8. Re1 d4 9. a4 e5 10. Nc4 Ne8 11. Bg5 f6 12. Bd2 Be6 13. b3 b6 14. Qc1 a6 15. Bh6 b5 16. Nb2 g5 17. Bxg7 Kxg7 18. Qd2 Nd6 19. c4 dxc3 20. Qxc3 Nb7 21. Nd1 Nd4 22. h4 g4 23. Nd2 b4 24. Qb2 Na5 25. Ne3 Naxb3 26. Nxb3 Nxb3 27. Nf5+ Kh8 28. Rad1 a5 29. Qe2 Rg8 30. Qe3 Qd7 31. f3 gxf3 32. Qxf3 Bxf5 33. exf5 Rad8 34. Kh2 Nd4 35. Qh5 Qxf5 36. Qf7 Rg7 0-1

[Event "COL-ch Blitz"]
[Site "Villavicencio"]
[Date "2021.11.15"]
[Round "6"]
[White "Avila Pavas, Santiago"]
[Black "Escobar Medina, Andres F"]
[Result "1-0"]
[WhiteElo "2292"]
[BlackElo "2242"]
[PlyCount "79"]
[EventDate "2021.11.15"]
[EventType "swiss (blitz)"]
[EventRounds "13"]
[EventCountry "COL"]
[SourceTitle "CBM 205 Extra"]
[Source "ChessBase"]
[SourceDate "2022.01.31"]
[SourceVersion "1"]
[SourceVersionDate "2022.01.31"]
[SourceQuality "1"]

1. e4 g6 2. d4 Bg7 3. Nc3 d6 4. Be3 a6 5. Qd2 b5 6. h4 h5 7. f3 Bb7 8. 0-0-0 Nd7 9. Nh3 c5 10. Ng5 c4 11. Ne2 Rc8 12. c3 Ngf6 13. Nf4 Qa5 14. Kb1 Bh6 15. Be2 Qc7 16. g4 hxg4 17. Nd5 Nxd5 18. exd5 Bxd5 19. Rdf1 Nf6 20. Rhg1 gxf3 21. Bxf3 Bxf3 22. Rxf3 Bg7 23. Qg2 Qb7 24. Nxf7 Qe4+ 25. Ka1 Rxh4 26. Ng5 Qg4 27. Qc2 Qh5 28. Rff1 Rh2 29. Qb1 Bh6 30. Ne6 Kd7 31. Bxh6 Qxh6 32. Nf4 Rg8 33. Qe1 g5 34. Qe6+ Kd8 35. Nd5 Re8 36. Nxf6 exf6 37. Qxd6+ Kc8 38. Rxf6 Rh1 39. Qc6+ Kd8 40. Rxh1 1-0

[Event "COL-ch Blitz"]
[Site "Villavicencio"]
[Date "2021.11.15"]
[Round "12"]
[White "Ruiz Aguilar, Pablo Alexander"]
[Black "Escobar Medina, Andres F"]
[Result "0-1"]
[WhiteElo "2147"]
[BlackElo "2242"]
[PlyCount "120"]
[EventDate "2021.11.15"]
[EventType "swiss (blitz)"]
[EventRounds "13"]
[EventCountry "COL"]
[SourceTitle "CBM 205 Extra"]
[Source "ChessBase"]
[SourceDate "2022.01.31"]
[SourceVersion "1"]
[SourceVersionDate "2022.01.31"]
[SourceQuality "1"]

1. e4 g6 2. d4 Bg7 3. Nf3 d6 4. h3 a6 5. Nc3 Nc6 6. Be3 b5 7. Qd2 Nf6 8. d5 Nb8 9. a4 b4 10. Nd1 Nxe4 11. Qxb4 Nf6 12. Bc4 0-0 13. 0-0 c5 14. Qd2 Nbd7 15. a5 Rb8 16. c3 Bb7 17. Re1 Re8 18. Bg5 Qc7 19. Bh6 Bh8 20. Ne3 Rbd8 21. Nf5 Ne5 22. Nxe5 dxe5 23. Ne3 e6 24. d6 Rxd6 25. Qe2 Nd5 26. Ng4 Nf4 27. Bxf4 exf4 28. f3 h5 29. Nf2 Red8 30. Ne4 Bxe4 31. Qxe4 Rd2 32. Re2 Qb8 33. Rxd2 Rxd2 34. Bxe6 fxe6 35. Qxg6+ Bg7 36. Qxe6+ Kh8 37. Qg6 Qe5 38. Kh1 Rd6 39. Qc2 c4 40. Rd1 Rxd1+ 41. Qxd1 Qxa5 42. Qd7 Qe5 43. Qc8+ Kh7 44. Qxa6 Qd5 45. Qc8 Qb5 46. Qe6 Qxb2 47. Qf5+ Kg8 48. Qe6+ Kf8 49. Qf5+ Ke7 50. Qe4+ Kd7 51. Qd5+ Ke7 52. Qe4+ Kf7 53. Qf5+ Bf6 54. Qxh5+ Ke6 55. Qg4+ Ke7 56. Qxf4 Qxc3 57. Qe4+ Be5 58. Qh7+ Kd6 59. Qg6+ Kc5 60. Qe4 Qc1+ 0-1

[Event "Ibague op"]
[Site "Ibague"]
[Date "2021.10.21"]
[Round "4"]
[White "Escobar Medina, Andres F"]
[Black "Gonzalez Mojica, Renan Arturo"]
[Result "1-0"]
[WhiteElo "2312"]
[BlackElo "1793"]
[PlyCount "55"]
[EventDate "2021.10.20"]
[EventType "swiss"]
[EventRounds "9"]
[EventCountry "COL"]
[SourceTitle "CBM 204 Extra"]
[Source "ChessBase"]
[SourceDate "2021.11.30"]
[SourceVersion "1"]
[SourceVersionDate "2021.11.30"]
[SourceQuality "1"]

1. e4 d6 2. d4 g6 3. Nc3 Nf6 4. f4 Bg7 5. Nf3 0-0 6. e5 dxe5 7. dxe5 Qxd1+ 8. Kxd1 Rd8+ 9. Bd3 Nd5 10. Nxd5 Rxd5 11. Ke2 Nc6 12. Be4 Rd8 13. Bxc6 bxc6 14. Be3 f6 15. Nd4 Ba6+ 16. Kf2 fxe5 17. Ne6 Rdc8 18. Nxg7 exf4 19. Bd4 Bc4 20. b3 Bf7 21. Rae1 Rd8 22. Bc3 Rd6 23. Rxe7 Rad8 24. Rhe1 Rd2+ 25. Bxd2 Rxd2+ 26. R1e2 Rxe2+ 27. Kxe2 Kxg7 28. Rxc7 1-0

[Event "Ibague op"]
[Site "Ibague"]
[Date "2021.10.21"]
[Round "3"]
[White "Quiros, Juan Pablo"]
[Black "Escobar Medina, Andres F"]
[Result "0-1"]
[WhiteElo "1954"]
[BlackElo "2312"]
[PlyCount "54"]
[EventDate "2021.10.20"]
[EventType "swiss"]
[EventRounds "9"]
[EventCountry "COL"]
[SourceTitle "CBM 204 Extra"]
[Source "ChessBase"]
[SourceDate "2021.11.30"]
[SourceVersion "1"]
[SourceVersionDate "2021.11.30"]
[SourceQuality "1"]

1. Nf3 c5 2. g3 Nf6 3. Bg2 Nc6 4. c4 d5 5. cxd5 Nxd5 6. Nc3 Nc7 7. 0-0 e5 8. d3 Be7 9. a3 0-0 10. Bd2 b6 11. Qa4 Bd7 12. Rac1 a5 13. Qc2 Kh8 14. Be1 f6 15. Ne4 Ne6 16. e3 Be8 17. Bc3 Rc8 18. Rfd1 Bg6 19. Qb3 Bf7 20. Qc2 Ncd4 21. exd4 cxd4 22. Bh3 dxc3 23. Nxc3 Rc7 24. Bxe6 Bxe6 25. d4 Bg4 26. Qe4 f5 27. Qe3 e4 0-1

[Event "Medellin Raza op"]
[Site "Medellin"]
[Date "2021.10.07"]
[Round "2"]
[White "Cordoba Roa, Angel Gabriel"]
[Black "Escobar Medina, Andres F"]
[Result "1/2-1/2"]
[WhiteElo "2009"]
[BlackElo "2312"]
[PlyCount "72"]
[EventDate "2021.10.06"]
[EventType "swiss"]
[EventRounds "9"]
[EventCountry "COL"]
[SourceTitle "EXT 2023"]
[Source "ChessBase"]
[SourceDate "2022.10.05"]
[SourceVersion "1"]
[SourceVersionDate "2022.10.05"]
[SourceQuality "1"]

1. e4 g6 2. d4 Bg7 3. Nc3 d6 4. Be3 a6 5. a4 Nc6 6. Nf3 Nf6 7. Qd2 Bg4 8. Be2 0-0 9. Rd1 Bxf3 10. Bxf3 e5 11. dxe5 dxe5 12. 0-0 Qe7 13. Bg5 Nd4 14. Nd5 Qd6 15. Bxf6 Nxf3+ 16. gxf3 Bxf6 17. Qc3 Bd8 18. Ne3 Qe6 19. Rd5 c6 20. Rd3 Bg5 21. Rfd1 Bf4 22. Ng2 Rae8 23. Rd7 Qh3 24. Nxf4 exf4 25. R1d6 Rxe4 26. Rxf7 Rxf7 27. Rd8+ Rf8 28. Rxf8+ Kxf8 29. Qf6+ Kg8 30. fxe4 Qg4+ 31. Kf1 f3 32. Qd8+ Kf7 33. Qc7+ Kf6 34. Qd6+ Kf7 35. Qc7+ Kf6 36. Qd6+ Kf7 1/2-1/2

[Event "Medellin Raza op"]
[Site "Medellin"]
[Date "2021.10.06"]
[Round "1"]
[White "Escobar Medina, Andres F"]
[Black "Zabala, Fidel"]
[Result "1-0"]
[WhiteElo "2312"]
[BlackElo "1929"]
[PlyCount "77"]
[EventDate "2021.10.06"]
[EventType "swiss"]
[EventRounds "9"]
[EventCountry "COL"]
[SourceTitle "EXT 2023"]
[Source "ChessBase"]
[SourceDate "2022.10.05"]
[SourceVersion "1"]
[SourceVersionDate "2022.10.05"]
[SourceQuality "1"]

1. e4 d5 2. exd5 Nf6 3. c4 e6 4. d4 exd5 5. Nc3 Bb4 6. Nf3 0-0 7. Bd3 Bg4 8. 0-0 dxc4 9. Bxc4 Bxf3 10. Qxf3 Qxd4 11. Qxb7 Qxc4 12. Qxa8 Nc6 13. Qb7 Bd6 14. Qb5 Qe6 15. Qe2 Qf5 16. Qf3 Qe6 17. Bf4 Nd4 18. Qe3 Qc4 19. Bxd6 cxd6 20. Rad1 Nf5 21. Qxa7 Qf4 22. Qa4 Qh6 23. Nd5 Nh5 24. Qg4 g6 25. Rfe1 Qg7 26. b4 Qb2 27. Qe2 Qg7 28. Ne7+ Nxe7 29. Qxe7 d5 30. Rxd5 Qb2 31. Rxh5 gxh5 32. Qg5+ Kh8 33. Qe5+ Qxe5 34. Rxe5 Rc8 35. g3 h4 36. Kg2 hxg3 37. hxg3 Kg7 38. a4 Rc4 39. Rb5 1-0

[Event "Feria de las Flores 28th"]
[Site "Medellin"]
[Date "2021.08.06"]
[Round "5"]
[White "Escobar Medina, Andres F"]
[Black "Ojeda, Jesus David"]
[Result "1-0"]
[WhiteElo "2298"]
[BlackElo "2136"]
[PlyCount "65"]
[EventDate "2021.08.04"]
[EventType "swiss"]
[EventRounds "9"]
[EventCountry "COL"]
[SourceTitle "EXT 2022"]
[Source "ChessBase"]
[SourceDate "2021.10.06"]
[SourceVersion "1"]
[SourceVersionDate "2021.10.06"]
[SourceQuality "1"]

1. d4 e6 2. e4 c5 3. Nf3 cxd4 4. Nxd4 Nc6 5. c4 Nf6 6. Nc3 Bb4 7. Qd3 0-0 8. Nxc6 dxc6 9. e5 Ng4 10. Qxd8 Rxd8 11. f4 b6 12. Be2 f5 13. h3 Nh6 14. Bd2 Bb7 15. Bf3 Rd4 16. b3 Rad8 17. 0-0-0 R8d7 18. Kc2 Nf7 19. Be3 Bxc3 20. Kxc3 Rxd1 21. Rxd1 Rxd1 22. Bxd1 Kf8 23. a4 Ke8 24. a5 c5 25. axb6 axb6 26. g3 Kd7 27. b4 cxb4+ 28. Kxb4 Kc7 29. Kb5 Bg2 30. Bxb6+ Kb7 31. Ba5 Nh8 32. Kc5 Nf7 33. Ba4 1-0